000 00576cam a22002053a 4500
001 45085
003 PGUSA
005 20140828084030.0
008 140309s2014||||xxu|||||s|||||000 | eng d
040 _aPGUSA
_beng
042 _adc
100 1 _aGraetz, Heinrich
245 1 0 _aHistory of the Jews, Vol. V (of 6)
_h[electronic resource] /
_cHeinrich Graetz
260 _bProject Gutenberg,
_c2014
506 _aPublic domain in the USA.
516 _aElectronic text
830 0 _aProject Gutenberg
_v45085
856 4 0 _uhttp://www.gutenberg.org/ebooks/45085
942 _cEB
999 _c274336
_d274336